An activities approach to Microsoft Works for teachers : (Record no. 12598)
[ view plain ]
| 000 -LEADER | |
|---|---|
| fixed length control field | 00515nam a2200157Ia 4500 |
| 020 ## - INTERNATIONAL STANDARD BOOK NUMBER | |
| ISBN | 1561343102 : |
| 040 ## - CATALOGING SOURCE | |
| Transcribing agency | CLE |
| 082 ## - DEWEY DECIMAL CLASSIFICATION NUMBER | |
| Classification number | 005 BRO 1996 A007 Or. |
| 100 1# - MAIN ENTRY--AUTHOR NAME | |
| Personal name | Higginbotham, Timothy E. |
| 245 13 - TITLE STATEMENT | |
| Title | An activities approach to Microsoft Works for teachers : |
| Remainder of title | Macintosh version / |
| 246 30 - VARYING FORM OF TITLE | |
| Title proper/short title | Microsoft Works for teachers |
| 260 ## - PUBLICATION, DISTRIBUTION, ETC. (IMPRINT) | |
| Place of publication | Madison, Wis. : |
| Name of publisher | Brown & Benchmark, |
| Year of publication | c1996. |
| 300 ## - PHYSICAL DESCRIPTION | |
| Number of Pages | vi, 458 p. : |
| Other physical details | ill. ; |
| Dimensions | 24 cm. + |
| Accompanying material | 1 computer disk (3 1/2 in.). |
| 650 #0 - SUBJECT ADDED ENTRY--TOPICAL TERM | |
| Topical Term | Integrated software. |
| 942 ## - ADDED ENTRY ELEMENTS (KOHA) | |
| Koha item type | សៀវភៅភាសាអង់គ្លេស |
No items available.